000 00330 a2200109 4500
001 ART_11328
005 20260410161856.0
008 260409a
245 1 0 _aTécnica, concentración y ordenación de la economía
100 1 _aEucken, Walter
773 0 _tRevista de Economía
_g- Nº 34 (sep. 1982)
_wREV11077
999 _c25471
_d25471